1213 1255 1599 1629 1209 1888 1762 1537 1298 1910 1027 1984 1204 1488 1455 1153 1187 1530 1552 1472 1751 1359 1413 1260 1582 1336 1570 1191 1562 1234 1044 1684 1796 1017 1372 1109 1851 1636 1364 1975 1065 1555 1632 1409 1426 1210 1031 1702 1108 1175 1210 1603 1752 1324 1133 1061 1611 1834 1363 1437 1887 1259 1542 1745 1681 1130 1203 1952 1973 1071 1575 1305 1749 1428 1381 1901 1512 1185 1120 1705 1849 1692 1569 1007 1919 1647 1211 1678 1090 1072 1971 1740 1131 1537 1855 1052 1076 1756 1387 BCNSPRNW ULIB Ver.6.0+V

เปลี่ยนเป็นภาษาไทย

Change to English
 แสดงรายละเอียดบรรณานุกรม
  กลับหน้าหลัก

Brief Record : Get Marc (ISO 2709) : E-mail record : QR code < ปิดหน้าต่าง
LEADER : 00000nam 2200000uu 4500
001    13399111821
003     ULIB
008    110708s2548||||th 000 0 tha d
020    9742217467
020    9789742217464
050  4 DS578^bก411จ 2548
100 0  กัลยาณิวัฒนา กรมหลวงนราธิวาสราชนครินทร์,^cสมเด็จพระเจ้าพี่นางเธอ เจ้าฟ้า,^d2466-2551
245 10 จุฬาลงกรณราชสันตติวงศ์ :^bพระนามพระราชโอรสพระราชธิดาและพระราชนัดดา /^cสมเด็จพระเจ้าพี่นางเธอ เจ้าฟ้ากัลยาณิวัฒนา กรมหลวงนราธิวาสราชนครินทร์ ทรงเรียบเรียงและรวบรวม ; บรรณาธิการ, จงจิต นิมมานนรเทพ
246 30 พระนามพระราชโอรส พระราชธิดาและพระราชนัดดา
250    พิมพ์ครั้งที่ 4
260    กรุงเทพฯ :^bบรรณกิจ,^c2548
300    111, [1] หน้า :^bภาพประกอบ ;^c22 ซม.
600 07 จุลจอมเกล้าเจ้าอยู่หัว,^cพระบาทสมเด็จพระ,^d2396-2453
650  4 กษัตริย์และผู้ครองนคร^zไทย
650  4 ราชวงศ์จักรี
650  4 ราชสกุล^zไทย
700 0  จงจิต นิมมานนรเทพ,^eบรรณาธิการ
945    ^p200^l0^i023330
995    ทศพร
999 ^a ใช้งานได้ทุกระบบ
รายการนี้ยังไม่มีแท็ก
คุณยังไม่ได้ล็อกอิน คุณสามารถมีกิจกรรมร่วมกับเว็บไซต์ได้ แต่ต้องล็อกอินก่อน ::
  ล็อกอิน

รายการสื่อสารสนเทศ

ลำดับที่ ประเภท เลขเรียก/บาร์โค้ด สถานที่ สถานะ
- ไม่พบข้อมูล -

BibComment


ยังไม่เคยถูกคอมเมนท์

คอมเมนท์ทรัพยากรรายการนี้
  คอมเมนท์: จุฬาลงกรณราชสันตต..


 Copyright 2026. Bcnsprnw @Library